Statistics for 1928 Winter Olympics medal table

Click here to take the quiz!

General Stats

  • This quiz has been taken 31 times
  • The average score is 10 of 12

Answer Stats

RankGoldSilverBronzeTotalAnswer% Correct
51001France
100%
42114Finland
97%
32215Sweden
97%
70314Austria
94%
51001Canada
94%
22226United States
94%
80011Germany
90%
164515Norway
90%
80011Switzerland
90%
80011Great Britain
84%
80011Belgium
65%
80011Czechoslovakia
52%

Score Distribution

Percentile by Number Answered

Percent of People with Each Score

Your Score History

You have not taken this quiz